عيو ن ا لا نباءفی طبقا ت ا لا طباء (Record no. 170208)

MARC details
000 -LEADER
fixed length control field 00687nam a22001937a 4500
005 - DATE AND TIME OF LATEST TRANSACTION
control field 20191212112818.0
010 ## - LCCN (DPL NO)
LC control number A-842577
020 ## - INTERNATIONAL STANDARD BOOK NUMBER
Terms of availability 92.00
International Standard Book Number -
035 ## - SYSTEM CONTROL NUMBER
System control number A-842577
037 ## - SOURCE OF ACQUISITION
Source of stock number/acquisition BPPD
082 ## - DEWEY DECIMAL CLASSIFICATION NUMBER
Classification number 615.54
100 ## - MAIN ENTRY--PERSONAL NAME
Personal name ا بن آ بی ا و سيبہ
245 ## - TITLE STATEMENT
Title عيو ن ا لا نباءفی طبقا ت ا لا طباء
Statement of responsibility, etc ا بن آ بی ا و سيبہ
246 ## - VARYING FORM OF TITLE
Title proper/short title Uyoon Al-Anba Fi Tabaqat Al- Atibba (Urdu)
Remainder of title by Ibn-e-Abi Usaiba
260 ## - PUBLICATION, DISTRIBUTION, ETC. (IMPRINT)
Place of publication, distribution, etc N.Delhi
Date of publication, distribution, etc 1990 ء
Name of publisher, distributor, etc Central CouncilFor Reaserch In Unani Medicien
270 ## - ADDRESS
Address 5-Panchsheel Shoping Centre
City N.Delhi
Telephone number -
Postal code 110017
300 ## - PHYSICAL DESCRIPTION
Extent 606 ص
Dimensions 22 cm(hb)
942 ## - ADDED ENTRY ELEMENTS (KOHA)
Source of classification or shelving scheme Dewey Decimal Classification
Item type Urdu Bks
Classification part 615.54
Call number suffix ا ب ن
Holdings
Withdrawn status Lost status Not for loan Collection code Home library Current library Date acquired Source of acquisition Cost, normal purchase price Full call number Barcode Copy number Cost, replacement price Koha item type
      Non-fiction Central Library Central Library 12/12/2019 BPPD/Ven. 92.00 615.54 ا ب ن A-842577 1 92.00 Urdu Bks

© Delhi Public Library
Hit Counter
free hit counter